(Record no. 189867)
[ view plain ]
| 000 -LEADER | |
|---|---|
| fixed length control field | 00491nam a2200145Ia 4500 |
| 041 ## - LANGUAGE CODE | |
| Language code of text/sound track or separate title | Kurdish |
| 082 ## - DEWEY DECIMAL CLASSIFICATION NUMBER | |
| Classification number | 704.95671 cut-939 ێ |
| 100 ## - MAIN ENTRY--PERSONAL NAME | |
| Personal name | 20260118u\\\\\\\\\\\y0engy0103\\\\ba |
| Personal name | سمکۆ بەهرۆز ( ئەژى ) |
| 245 #0 - TITLE STATEMENT | |
| Title | مێژووى هونەرى تەلارسازى ناوچەى کەرکوک لە روانگەى سەردەمە مێژووییە کاندا |
| 250 ## - EDITION STATEMENT | |
| Edition statement | چ1 |
| 260 ## - PUBLICATION, DISTRIBUTION, ETC. (IMPRINT) | |
| Name of publisher, distributor, etc | چاپخانەى خاک |
| Place of publication, distribution, etc | کەرکوک |
| Date of publication, distribution, etc | 2008 |
| 300 ## - PHYSICAL DESCRIPTION | |
| Extent | 258 |
| 942 ## - ADDED ENTRY ELEMENTS (KOHA) | |
| Koha item type | Books |
| Withdrawn status | Lost status | Damaged status | Not for loan | Collection code | Home library | Current library | Shelving location | Date acquired | Total Checkouts | Full call number | Barcode | Date last seen | Copy number | Price effective from | Koha item type |
|---|---|---|---|---|---|---|---|---|---|---|---|---|---|---|---|
| Koya University Central Library | Koya University Central Library | Books | 18/01/2026 | 704.95671 cut-939 ێ | 0000095322 | 18/01/2026 | 1 | 18/01/2026 | Books |